MARC

LEADER 00000nam0a2200000 4500
001 308087
005 20231102002046.0
035 |a (RuTPU)RU\TPU\book\333396 
090 |a 308087 
100 |a 20151028d1981 km y0rusy50 ca 
101 0 |a rus 
102 |a RU 
105 |a a z 000zy 
200 1 |a Дополнения к "Руководству по проектированию вентиляции угольных шахт"  |f Макеевский научно-исследовательский институт по безопасности работ в горной промышленности (МакНИИ) 
210 |a Москва  |c Недра  |d 1981 
215 |a 79 с.  |c ил. 
606 1 |a Рудничные вентиляционные сети  |x Проектирование  |2 stltpush  |3 (RuTPU)RU\TPU\subj\25696  |9 49788 
610 1 |a угольные шахты 
610 1 |a вентиляционные расчеты 
610 1 |a вентиляционное оборудование 
610 1 |a выработки 
610 1 |a метан 
610 1 |a проветривание 
610 1 |a схемы 
610 1 |a прогнозы 
610 1 |a подготовительные выработки 
610 1 |a депрессия 
675 |a 622.451  |v 4 
712 0 2 |a Макеевский научно-исследовательский институт по безопасности работ в горной промышленности (МакНИИ)  |2 stltpush  |3 (RuTPU)RU\TPU\col\15485 
801 1 |a RU  |b 63413507  |c 20151028 
801 2 |a RU  |b 63413507  |c 20180719  |g RCR 
942 |c BK